Γυναίκες και ιστορία : πρακτικά συμποσίου Σορβόννη 13-14 Νοεμβρίου 1992
Αποθηκεύτηκε σε:
| Άλλοι συγγραφείς: | , , , |
|---|---|
| Μορφή: | Βιβλίο |
| Γλώσσα: | Greek French |
| Δημοσίευση: |
Αθήνα :
Ελληνικά Γράμματα,
1995.
|
| Σειρά: | Ιστορία (Ελληνικά Γράμματα)
|
| Θέματα: | |
| Ετικέτες: |
Προσθήκη ετικέτας
Δεν υπάρχουν, Καταχωρήστε ετικέτα πρώτοι!
|
MARC
| LEADER | 00000cam a2200000 i 4500 | ||
|---|---|---|---|
| 001 | 1/14514 | ||
| 008 | 980512s1995 gr | ||| |||| ||gre|| | ||
| 020 | |a 9603440671 | ||
| 035 | |l 10019449 | ||
| 040 | |a GR-MY-UA |b gre |e aacr | ||
| 041 | 1 | |a gre |h fre | |
| 082 | 7 | |a 305.42 |2 (22) | |
| 245 | 0 | 0 | |a Γυναίκες και ιστορία : |b πρακτικά συμποσίου Σορβόννη 13-14 Νοεμβρίου 1992 / |c επιμέλεια: Georges Duby, Michelle Perrot ; μετάφραση: Κατερίνα Καρλαύτη ; επιμέλεια: Βάσιας Τσοκόπουλος. |
| 260 | |a Αθήνα : |b Ελληνικά Γράμματα, |c 1995. | ||
| 300 | |a 220 σ. ; |c 24 εκ. | ||
| 490 | 1 | |a (Ιστορία / Ελληνικά Γράμματα) | |
| 500 | |a Μετάφραση του: Femmes et histoire | ||
| 650 | 0 | 0 | |a Women |x History |x Congresses. |
| 650 | 0 | 0 | |a Women |x Social conditions |x Congresses. |
| 650 | 0 | 0 | |a Women |z Europe |x Social conditions |x Congresses. |
| 700 | 1 | |a Duby, Georges, |e edt | |
| 700 | 1 | |a Perrot, Michelle, |e edt | |
| 700 | 1 | |a Καρλαύτη, Κατερίνα, |e trlf | |
| 700 | 1 | |a Τσοκόπουλος, Βάσιας, |d 1958- |e edt | |
| 830 | 0 | |a Ιστορία (Ελληνικά Γράμματα) | |
| 852 | |a INST |b LESVOS |e 19980512 |h 305.42 ΓΥΝ |p 005100014183 |q 005100014183 |t BK |y 0 | ||
| 852 | |a INST |b RHODES |e 20000406 |h 305.42 ΓΥΝ |p 005400006477 |q 005400006477 |t BK |y 0 | ||
| 901 | |a BIBL-1998-2 | ||
| 909 | |a Λ |b 055958 | ||
| 909 | |a Ρ |b 053584 | ||
| 922 | |a 1ΕΛΗ |b 199804 |c ΚΠΣ/ΤΚΑ |d EMVASIS | ||
| 922 | |a 4ΕΛΗ |b 199801 |c EMVASIS | ||
| 950 | |a 117-1998-01-28 | ||
| 970 | |z 1998/05 | ||